000 06447cam a22019454i 4500
003 PE-LiUPU
005 20250813165905.0
008 150706s r 000 0 d
020 _a9788445820247
035 _a(Sirsi) i9788445820247
040 _aPE-LiUPU
_bspa
_cPE-LiUPU
_erda
049 _aPRUA
082 0 4 _a616.89
_bM6
_221
082 0 4 _a616.89
_bCh554 2010
_221
100 1 _aArechederra Aranzadi, Juan José,
_eautor.
245 0 0 _aManual de urgencias psiquiátricas /
_cJuan José Arechederra Aranzadi. [et al.] ; Alfonso Chinchilla. [et al.] coordinadores.
250 _aSegunda edición.
264 1 _aBarcelona [etc.] :
_bElsevier Masson,
_c2010 .
300 _a771 páginas :
_bilustraciones ;
_c17 cm.
336 _atext
_2rdacontent
337 _aunmediated
_2rdamedia
338 _avolume
_2rdacarrier
490 0 _aNuevas generaciones en neurociencias
505 0 _aConceptos y peculiaridades de las urgencias psiquiátricas -- Aproximaciones nosológicas, criterios de ingreso y derivación y variables clinicoepidemiólógicas que conviene tener en cuenta -- Historia clínica psiquiátrica en urgencias -- Los grandes síndromes -- El paciente agitado o violento -- El paciente suicida -- Síndrome alucinatorio -- El paciente psicótico en urgencias -- El paciente afectivo -- Urgencias y trastornos de la personalidad -- El paciente alcohólico -- El paciente drogodependiente -- El cuadro confusional agudo -- Síndrome demencial -- Trastornos de la conducta alimentaria -- Cuadros psiquiátricos debidos a la patología orgánica -- Trastornos somatomorfos -- Estados crepusculares -- Trastornos de ansiedad -- Urgencias psicogeriátricas -- Urgencias en psiquiatría infantojuvenil -- Urgencias psiquiátricas en situaciones especiales -- Efectos secundarios de los tratamientos Psiquiátricos -- Alteraciones psicopatológicas provocadas por fármacos no psicótropos -- Uso y abuso de la urgencia psiquiátrica -- Farmacopea esencial para urgencias y manejo práctico de psicofármacos.- Aspectos terapéuticos -- Psicoterapia en el servicio de urgencias -- Aspectos medicolegales -- Urgencias en psiquiatría. Aspectos eticolegales -- Protocolo de asistencia en urgencias psiquiátricas.
526 _aP203
526 _aP200
526 _aSEG65
526 _aSEG64
526 _aSEG63
526 _aSEG62
526 _aSEG61
526 _aSEG60
526 _aSEG59
526 _aSEG58
526 _aSEG57
526 _aSEG56
526 _aSEG55
526 _aSEG54
526 _aSEG53
526 _aSEG52
526 _aSEG51
526 _aSEG50
526 _aSEG49
526 _aSEG48
526 _aSEG47
526 _aSEG46
526 _aSEG24
526 _aSEG23
526 _aSEG22
526 _aSEG21
526 _aSEG20
526 _aSEG19
526 _aSEG18
526 _aSEG17
526 _aSEG16
526 _aSEG14
526 _aSEG13
526 _aSEG12
526 _aSEG11
526 _aSEG10
526 _aSEG09
526 _aSEG06
526 _aSEG05
526 _aSEG04
526 _aSEG03
526 _aSEG02
526 _aSEG68
526 _aSEG66
526 _aSEG45
526 _aSEG25
526 _aSEG01
526 _aP163
526 _aP162
526 _aP161
526 _aP160
526 _aP159
526 _aP158
526 _aP157
526 _aP156
526 _aP155
526 _aP154
526 _aP153
526 _aP152
526 _aP151
526 _aP150
526 _aP149
526 _aP142
526 _aP141
526 _aP140
526 _aP139
526 _aP138
526 _aP137
526 _aP132
526 _aP131
526 _aP130
526 _aP126
526 _aP125
526 _aP124
526 _aP123
526 _aP115
526 _aP122
526 _aP121
526 _aP116
526 _a P114
526 _aP112
526 _aP111
526 _aP104
526 _aP103
526 _aP102
526 _aP101
526 _aP100
526 _aP96
526 _aP95
526 _aP93
526 _aP92
526 _aP91
526 _aP88
526 _aP83
526 _aP82
526 _aP79
526 _aP78
526 _aP75
526 _aP74
526 _aP71
526 _aP69
526 _a P51
526 _aP49
526 _aP48
526 _aP47
526 _aP33
526 _aP31
526 _a P30
526 _aP29
526 _aP27
526 _aP26
526 _aP25
526 _aP24
526 _a P22
526 _aP10
526 _aP09
526 _a P08
526 _aP06
526 _aP05
526 _aP04
526 _aP01
541 _g001-000069;
541 _g001-000069;
541 _g001-00003175;
650 1 4 _aPsiquiatría
_vManuales.
650 2 4 _aUrgencias médicas
_vManuales.
700 1 _aArechederra Aranzadi, Juan José
700 1 _aBlasco Fontecilla, Hilario,
_eautor.
700 1 _aChinchilla, Alfonso,
_ecoord.
910 _agl
_bjv
_cng
_d20121217
910 _btqv
_caic
_d20170209
942 _2ddc
_cBOOK
949 _a616.89 M6
_wDEWEY
_c1
_i66029
_lCCODEBUL1
_mBUL
_p69.00
_r0
_sY
_tBOOK
_u2015-7-6
_xSALUD
_PP33
_o.STAFF. Colección General
949 _a616.89 M6
_wDEWEY
_c2
_i66030
_lCCODEBUL1
_mBUL
_p69.00
_r0
_sY
_tBOOK
_u2015-7-6
_xSALUD
_PP33
_o.STAFF. Colección General
949 _a616.89 Ch554 2010
_wDEWEY
_c1
_iFJ06674
_lCCODEBUJ1
_mBUJ
_p69.00
_r0
_sY
_tBOOK
_u2017-02-09
_xSALUD
_zPSICOLOGÍA
_0COMPRA
_o.STAFF. Colección General Juliaca
994 _aC0
_bPEPRU
596 _a1 3
999 _a616.89 M6
_wDEWEY
_c54386
_i66029
_d54386
_e2018-6-15
_f2021-11-4
_g5
_lCCODEBUL1
_mBUL
_n2
_p69.00
_q2
_r0
_sY
_tBOOK
_u2015-7-6
_xSALUD
_PP33
_o.STAFF. Colección General
999 _a616.89 M6
_wDEWEY
_c2
_i66030
_d2018-5-28
_e2018-5-23
_f2021-11-4
_g5
_lCCODEBUL1
_mBUL
_n2
_p69.00
_q1
_r0
_sY
_tBOOK
_u2015-7-6
_xSALUD
_PP33
_o.STAFF. Colección General
999 _a616.89 CH554 2010
_wDEWEY
_c1
_iFJ06674
_d2019-6-17
_e2019-6-13
_f2022-1-25
_g4
_lCCODEBUJ1
_mBUJ
_n4
_p69.00
_q3
_r0
_sY
_tBOOK
_u2015-9-14
_xSALUD
_PP33
_0COMPRA
_o.STAFF. Colección General Juliaca
980 _81
_gALBERTO SANCHEZ Responsable de Automatización